Statistics for London Underground Quiz Beginning with W!

Click here to take the quiz!

General Stats

  • This quiz has been taken 37 times
  • The average score is 16 of 30

Answer Stats

Line Station % Correct
Waterloo & City, Bakerloo, Northern, JubileeWaterloo
96%
DistrictWimbledon
88%
District, Hammersmith & City JubileeWest Ham
83%
District, Circle, JubileeWestminster
75%
BakerlooWembley Central
67%
Northern, VictoriaWarren Street
63%
MetropolitanWatford
58%
CentralWest Acton
58%
Metropolitan JubileeWembley Park
58%
Hammersmith & City, CircleWestbourne Park
58%
DistrictWest Kensington
58%
DistrictWillesden Junction
54%
VictoriaWalthamstow Central
54%
JubileeWest Hampstead
54%
NorthernWest Finchley
50%
DistrictWest Brompton
50%
CentralWest Ruislip
50%
MetropolitanWest Harrow
46%
CentralWanstead
46%
BakerlooWhitechapel
46%
PiccadillyWood Green
46%
CentralWhite City
46%
DLRWoolwich Arsenal
46%
BakerlooWarwick Avenue
42%
CentralWoodford
42%
Hammersmith & CityWood Lane
38%
DLRWest India Quay
29%
NorthernWoodside Park
29%
DLRWestferry
29%
DLRWest Silvertown
21%

Score Distribution

Percentile by Number Answered

Percent of People with Each Score

Your Score History

You have not taken this quiz